000
00271nam a22001097a 4500
082
_a
320/VEG
100
_a
Vegada ,Arvind
_9
81528
245
_a
Savarkar's Writiings Indian Politics
260
_a
Delhi
_b
Vsual Pub.& Distributors
_c
2018
650
_a
Political
942
_c
BK
999
_c
65587
_d
65587